000 00691nab a2200241 a 4500
001 69959
003 143904
005 20201118110723.0
008 ||||||n9999 ||| || ||
041 _aspa
110 _aMinisterio de Minas y Energia
245 0 _aEcopetrol :
_breformados sistemas y procedimientos contables y financieros
260 _aBogotá :
_bLEGI0,
_c1999.
300 _app.425-431
562 _e0
650 _aADMINISTRACIÓN FINANCIERA
650 _aCONTROL CONTABLE
650 _aDECRETO 1162 DE 1999
650 _aECOPETROL
650 _aSISTEMA DE CONTABILIDAD GUBERNAMENTAL
773 _068579
_aLegislación - Tomo 95 No.1124 (1999)
942 _cSART
999 _c69959
_d69959